Statistics for 周杰伦所有歌曲

Click here to take the quiz!

General Stats

  • This quiz has been taken 187 times
    (168 since last reset)
  • The average score is 62 of 193

Answer Stats

Jay
% Correct
七里香
90%
霍元甲
84%
夜曲
81%
稻香
80%
听妈妈的话
77%
青花瓷
76%
最伟大的作品
75%
双截棍
74%
不能说的秘密
74%
晴天
71%
牛仔很忙
71%
告白气球
70%
反方向的钟
68%
爱在西元前
67%
以父之名
65%
半岛铁盒
64%
一路向北
63%
东风破
63%
等你下课
62%
本草纲目
61%
可爱女人
60%
59%
菊花台
58%
龙卷风
57%
爷爷泡的茶
56%
Mojito
56%
搁浅
55%
千里之外
54%
兰亭序
54%
简单爱
53%
夜的第七章
53%
龙拳
52%
发如雪
52%
蜗牛
51%
黑色毛衣
51%
星晴
51%
安静
50%
最长的电影
48%
彩虹
48%
蒲公英的约定
48%
暗号
47%
惊叹号
47%
圣诞星
44%
止战之殇
44%
红尘客栈
44%
明明就
44%
印第安老斑鸠
44%
花海
44%
给我一首歌的时间
44%
烟花易冷
44%
轨迹
44%
忍者
43%
珊瑚海
43%
园游会
41%
半兽人
41%
威廉古堡
39%
我不配
39%
浪漫手机
38%
退后
38%
甜甜的
38%
听爸爸的话
38%
说好的幸福呢
37%
白色风车
37%
断了的弦
36%
说好不哭
36%
我的地盘
36%
黑色幽默
35%
跨时代
35%
爸,我回来了
35%
公公偏头痛
35%
算什么男人
34%
鞋子特大号
34%
米兰的小铁匠
34%
上海一九四三
33%
借口
33%
斗牛
32%
阳光宅男
32%
开不了口
32%
不该
32%
床边故事
32%
不爱我就拉倒
31%
外婆
31%
手写的从前
30%
娘子
30%
火车叨位去
30%
飘移
30%
双刀
29%
超人不会飞
29%
我是如此相信
29%
我落泪情绪零碎
29%
三年二班
29%
世界末日
29%
将军
29%
梯田
28%
回到过去
28%
伊斯坦堡
28%
迷迭香
27%
最后的战役
27%
红模仿
27%
红颜如霜
26%
她的睫毛
26%
蓝色风暴
26%
水手怕水
26%
分裂
26%
范特西
25%
叶惠美
25%
Mine Mine
25%
雨下一整晚
24%
你听得到
24%
完美主义
24%
大笨钟
24%
乔克叔叔
24%
爱情悬崖
24%
对不起
23%
还在流浪
23%
麦芽糖
23%
乱舞春秋
22%
龙战骑士
22%
四面楚歌
22%
懦夫
20%
英雄
20%
爱情废柴
20%
嘻哈空姐
19%
土耳其冰淇淋
19%
超跑女神
19%
魔术先生
19%
心雨
18%
哪里都是你
18%
一口气全念对
18%
千山万水
18%
美人鱼
18%
世界未末日
17%
粉色海洋
17%
公主病
17%
时光机
17%
爱的飞行日记
17%
阳明山
17%
无双
16%
八度空间
16%
听见下雨的声音
16%
逆鳞
16%
你比从前快乐
16%
说了再见
16%
乌克丽丽
15%
免费教学录影带
15%
一点点
15%
前世情人
15%
比较大的大提琴
15%
倒影
15%
四季列车
15%
好久不见
15%
琴伤
15%
疗伤烧肉粽
15%
蛇舞
15%
依然范特西
15%
困兽之斗
15%
同一种调调
14%
14%
迷魂曲
14%
傻笑
14%
天涯过客
13%
爱你没差
13%
你好吗
13%
自导自演
12%
皮影戏
12%
魔杰座
11%
错过的烟火
11%
我要夏天
10%
献世
10%
手语
10%
窃爱
9%
梦想启动
9%
怎么了
8%
我很忙
8%
Now You See Me
8%
周杰伦的床边故事
7%
说走就走
7%
天台的月光
7%
哎呦,不错哦
7%
流浪诗人
6%
11月的萧邦
6%
天地一斗
5%
12新作
4%
其他单曲
3%
EP 霍元甲
3%
EP 天台爱情
3%
EP 寻找周杰伦
3%
EP 不能说的秘密
3%
EP 范特西PLUS
3%
惊叹号!
2%

Score Distribution

Percentile by Number Answered

Percent of People with Each Score

Your Score History

You have not taken this quiz since the last reset